¿ Por qué se devaluará nuestra moneda? /
Uloženo v:
| Hlavní autor: | |
|---|---|
| Médium: | Text |
| Témata: | |
| Tagy: |
Přidat tag
Žádné tagy, Buďte první, kdo vytvoří štítek k tomuto záznamu!
|
MARC
| LEADER | 00000 a a2200000 04500 | ||
|---|---|---|---|
| 001 | 1355 | ||
| 003 | |||
| 040 | |||
| 100 | |a Muñoz L., Juan J. | ||
| 245 | |a ¿ Por qué se devaluará nuestra moneda? / |c Juan J. Muñoz L. | ||
| 650 | |a DESARROLLO SOCIAL | ||
| 650 | |a DESARROLLO ECONOMICO | ||
| 650 | |a RECESION ECONOMICA | ||
| 650 | |a CAFE | ||
| 650 | |a BANANOS | ||
| 650 | |a COSTA RICA | ||
| 773 | |g número 5; páginas 2-3 | ||
| 999 | |c 22406 |d 22406 | ||
